Employment after the war, (Record no. 36448)
[ view plain ]
| 000 -LEADER | |
|---|---|
| fixed length control field | 01017cam a22002771 4500 |
| 001 - CONTROL NUMBER | |
| control field | l 44000052 |
| 003 - CONTROL NUMBER IDENTIFIER | |
| control field | DLC |
| 005 - DATE AND TIME OF LATEST TRANSACTION | |
| control field | 20260227111538.0 |
| 008 - FIXED-LENGTH DATA ELEMENTS--GENERAL INFORMATION | |
| fixed length control field | 820715s1943 dcu 000 0 eng c |
| 010 ## - LIBRARY OF CONGRESS CONTROL NUMBER | |
| LC control number | l 44000052 |
| 035 ## - SYSTEM CONTROL NUMBER | |
| System control number | (OCoLC)8602417 |
| 040 ## - CATALOGING SOURCE | |
| Original cataloging agency | U.S. Dept. of Labor Libr. |
| Transcribing agency | NcD |
| Modifying agency | NcD |
| -- | DLC |
| 042 ## - AUTHENTICATION CODE | |
| Authentication code | premarc |
| 050 00 - LIBRARY OF CONGRESS CALL NUMBER | |
| Classification number | HD5724 |
| Item number | .P48 |
| 082 ## - DEWEY DECIMAL CLASSIFICATION NUMBER | |
| Classification number | 331.137973 |
| 100 1# - MAIN ENTRY--PERSONAL NAME | |
| Personal name | Pierson, John Herman Groesbeck, |
| Dates associated with a name | 1906- |
| 245 10 - TITLE STATEMENT | |
| Title | Employment after the war, |
| Statement of responsibility, etc. | by John H. G. Pierson, chief, Postwar Division, Bureau of Labor Statistics, U.S. Department of Labor. |
| 260 ## - PUBLICATION, DISTRIBUTION, ETC. | |
| Place of publication, distribution, etc. | [Washington, |
| Date of publication, distribution, etc. | 1943] |
| 300 ## - PHYSICAL DESCRIPTION | |
| Extent | 13 p. |
| Dimensions | 18 cm. |
| 500 ## - GENERAL NOTE | |
| General note | "Written at the request of the Postwar Planning Committee of the American Federation of Labor."--p. [2]. |
| 500 ## - GENERAL NOTE | |
| General note | Cover title. |
| 650 #0 - SUBJECT ADDED ENTRY--TOPICAL TERM | |
| Topical term or geographic name entry element | Unemployed |
| Geographic subdivision | United States. |
| 651 #0 - SUBJECT ADDED ENTRY--GEOGRAPHIC NAME | |
| Geographic name | United States |
| General subdivision | Economic policy. |
| 650 #0 - SUBJECT ADDED ENTRY--TOPICAL TERM | |
| Topical term or geographic name entry element | Reconstruction (1939-1951) |
| Geographic subdivision | United States. |
| 710 2# - ADDED ENTRY--CORPORATE NAME | |
| Corporate name or jurisdiction name as entry element | American Federation of Labor. |
| Subordinate unit | Post War Planning Committee. |
No items available.